Responses for Show #8634 - Thursday, May 5, 2022

Mattea Roach game 23.

Contestants

[<< previous game]

Sarah Snider, a middle school humanities teacher from Fishers, Indiana

T.J. Lovejoy, a mortgage lender from Chandler, Arizona

Mattea Roach, a tutor from Toronto, Ontario, Canada (whose 22-day cash winnings total $534,984)

[next game >>]

Jeopardy! Round responses

ART
THE NAPOLEONIC WARS
A GLUTEN-FREE CATEGORY
(Ken: The responses sound like they contain gluten, but they don't.)
AMERICAN GRAB BAG
NAME THAT SPORT
NOW FOR THE SECRET WORD
    $200 6
Georges Seurat

Mattea
    $200 17
War and Peace

Mattea
    $200 27
a pie chart

Sarah
    $200 9
Roswell

Mattea
    $200 1
football

Sarah
    $200 22
classified

Mattea
    $400 3
El Greco

Sarah
    $400 16
the Nile

Mattea
    $400 26
cookies

Mattea
    $400 14
a (Texas) Ranger

Mattea
    $400 7
soccer

T.J.
    $400 21
cloak-and-dagger

Mattea
    $600 2
boogie-woogie

Triple Stumper
    $600 18
Haiti

Mattea
    $600 28
Wil Wheaton

Sarah
    $2,000 12
the Liberty Bell

Sarah
    $600 8
cricket

Sarah
    $600 23
hush-hush

Mattea
    $800 4
(Ken: I know you can picture it.)

Spirit of '76

Triple Stumper
    $800 19
Austria

Triple Stumper
    $800 29
the Sandwich Islands

Mattea
    $800 13
Alexander Hamilton

Mattea
    $800 10
cycling

Mattea
    $800 24
privileged

Triple Stumper
    $1000 5
(Sarah: Let's finish ART for $200.)
(Ken: It's going so well.)
[Laughter]

Rubens

Triple Stumper
    $1000 20
Wellington

Sarah
    $1000 30
pretzel logic

Triple Stumper
    $1000 15
(Sarah: What is tundra?)
(Ken: More specific.)
(Sarah: Oh, what is [*]?)

permafrost

Sarah
    $1000 11
(Mattea: What is golf?)

tennis

MatteaSarah
    $1000 25
incognito

Sarah

Scores at the first commercial break (after clue 15):

Mattea T.J. Sarah
$1,400 $400 $5,200

Scores at the end of the Jeopardy! Round:

Mattea T.J. Sarah
$5,000 $400 $8,000

Double Jeopardy! Round responses

ASTRONOMY
DESCRIBING THE PULITZER FICTION WINNER
TRUST FALL
IT'S TV MOTHER'S DAY
CROSS THAT BRIDGE
COME TO "IT"
(Ken: Each correct response will end with those letters--"I-T".)
    $400 9
Mercury

Mattea
    $400 8
The Old Man and the Sea

Mattea
    $400 24
tobacco

Sarah
    $400 1
Friday Night Lights

T.J.
    $400 12
the Golden Gate Bridge

Mattea
    $400 23
an audit

T.J.
    $800 10
Sirius

Mattea
    $800 4
Beloved

Sarah
    $800 25
Edison

Sarah
    $800 2
Archer

Mattea
    $800 13
(Sarah: What is London Bridge?)

Tower Bridge

MatteaSarah
    $800 22
acquit

Mattea
    $1200 11
(T.J.: What is a red giant?)

a neutron star

T.J.
Triple Stumper
    $1200 5
The Road

Sarah
    $5,000 26
too big to fail

Sarah
    $1200 3
The Fresh Prince of Bel-Air

Sarah
    $1200 14
the Rhine

Triple Stumper
    $1200 19
a hermit

Sarah
    $1600 29
(T.J.: What is the Andromeda Galaxy?)

Alpha Centauri

T.J.
Triple Stumper
    $1600 6
All the Light We Cannot See

Sarah
    $1600 27
J.D. Rockefeller

Mattea
    $1600 18
One Day at a Time

Sarah
    $2,000 15
(Mattea: I'm not obsessed with the BRIDGE category, I'll do $2,000.)
(Ken: It'd be a little weird if you were obsessed with the BRIDGE category.)
...
(Mattea: Oh, my gosh. Um... what is... Miami?)

Pittsburgh

Mattea
    $1600 20
a pulpit

Sarah
    $2000 30
(Mattea: What is Hale-Bopp?)

Shoemaker-Levy 9

Mattea
Triple Stumper
    $2000 7
(T.J.: What is The Green Mile?)
(Sarah: What is Dead Man Walking?)
...
(Ken: This is Norman Mailer's [*].)

The Executioner's Song

T.J.Sarah
Triple Stumper
    $2000 28
a run

Mattea
    $2000 17
Olivia Benson

Mattea
    $2000 16
John Lewis

Sarah
    $2000 21
the Aloha Spirit

Mattea

Scores at the end of the Double Jeopardy! Round:

Mattea T.J. Sarah
$13,000 -$3,600 $22,600

[wagering suggestions for these scores]

Final Jeopardy! Round responses

20th CENTURY CINEMA
(Ken: [To Mattea] It is [*], yes, the newsreel starting that film shows us Kane's home of Xanadu.)
...
(Sarah: I've never seen [*].)

[ZergCam]
MatteaWhat is Citizen Kane? (if this is it, thanks for the fun!)
$12,999
SarahWhat is ?
$5,000
Citizen Kane

Final scores:

Mattea T.J. Sarah
$25,999 -$3,600 $17,600
23-day champion: $560,983 3rd place: $1,000 2nd place: $2,000

Game dynamics:

Coryat scores:

Mattea T.J. Sarah
$15,000 -$3,600 $17,400
24 R,
3 W
(including 1 DD)
3 R,
3 W
21 R
(including 2 DDs),
2 W

Combined Coryat: $28,800

[game clues] [game scores] [suggest correction]

Game tape date: 2022-02-15
The J! Archive is created by fans, for fans. Scraping, republication, monetization, and malicious use prohibited; this site may use cookies and collect identifying information. See terms. The Jeopardy! game show and all elements thereof, including but not limited to copyright and trademark thereto, are the property of Jeopardy Productions, Inc. and are protected under law. This website is not affiliated with, sponsored by, or operated by Jeopardy Productions, Inc. Join the discussion at JBoard.tv.